| 000 | 01160cam a2200313 i 4500 | ||
|---|---|---|---|
| 999 |
_c24541 _d24541 |
||
| 001 | 24541 | ||
| 003 | Mx-PuUPA | ||
| 005 | 20191008155419.0 | ||
| 008 | 140415s1998 maua fr 001 0 eng d | ||
| 020 | _a0201310112 | ||
| 040 |
_aMx-PuUPA _bspa _cMx-PuUPA _dMx-PuUPA _erda |
||
| 041 | 0 | _aeng | |
| 245 | 1 | 0 |
_aPattern languages of program design 3 / _cedited by Robert C. Martin, Dirk Riehle, Frank Buschmann |
| 264 | 4 |
_aMassachusetts : _bAdison Wesley Longman, _c©1998 |
|
| 300 |
_axviii, 632 páginas : _bilustraciones ; _c24 cm |
||
| 336 |
_atexto _2rdacontent _btxt |
||
| 337 |
_asin medio _2rdamedia _bn |
||
| 338 |
_avolumen _2rdacarrier _bnc |
||
| 490 | 0 | _aSoftware Patterns Series | |
| 650 | 4 |
_aSoftware para computadores _xDesarrollo |
|
| 650 | 4 |
_aProgramación orientada a objetos (computadores) _xCiencias de la computación |
|
| 700 | 1 |
_aMartin, Robert, _eeditor |
|
| 700 | 1 |
_aRiehle, Dirk, _eeditor |
|
| 700 | 1 |
_aBuschmann, Frank, _eeditor |
|
| 942 |
_2ddc _cLI _h005.12 _iP294 |
||